000 00885nam a2200253Ia 4500
003 OSt
005 20221005081059.0
006 a|||||r|||| 00| 0
007 ta
008 221004b |||||||| |||| 00| 0 eng d
020 _a9780195696509 (pbk)
_c995
024 _a90316
037 _b139, 28/08/2008, Bhartiya Sahitya Bhawan
_cTextual
040 _aCRL
_cCRL
_beng
041 _2eng
_aeng
082 _aX:75.2'P07t5, P8.1-.3 (RR)
110 _aPlanning commission government of India
_9610808
245 0 _aEleventh five year plan (2007-2012) social sector
260 _aNew Delhi
_bPlanning Commission Government of India India
_c2008
650 _aECONOMICS
700 _aPlanning commission government of India
_9418270
942 _hX:75.2'P07t5, P8.1-.3 (RR)
_cTEXL
_2cc
999 _c987140
_d987140